000 00633nam a2200193Ia 4500
003 GCL
008 140319s9999 xx 000 0 ara d
040 _aGCL /
_cGCL
082 0 4 _a813.03
_bن م
100 1 _aمحمد تيمور
245 1 0 _aالديوان واشعار اخرى /
_cمحمد تيمور
260 _aالقاهرة :
_bدار الف للنشر ،
_c1990
300 _a144 ص ؛
_c24 سم
650 0 4 _aالادباء العرب
650 0 4 _aالشعر العربى - دواوين وقصائد
650 0 4 _aالادب العربى - تاريخ ونقد
650 0 4 _aمحمود تيمور
942 _2ddc
_cBK
999 _c6798
_d6798